| 000 | 00733nam a22002537a 4500 | ||
|---|---|---|---|
| 001 | 6172 | ||
| 003 | FISKH | ||
| 005 | 20250324100551.0 | ||
| 008 | 250324b cb ||||| |||| 00| 0 eng d | ||
| 020 | _a9780028276069 | ||
| 040 |
_aFISKH _beng _cFISKH _dFISKH |
||
| 050 | _aG558 | ||
| 082 | _a500 | ||
| 100 | _aAvakian, Robert W. | ||
| 245 |
_aScience interactions : _bTeacher wraparound edition , Cousrse 4 / _cBy Robert W. Avakian |
||
| 260 |
_aNew York : _bGlencoe/McGraw-Hill ; _c1999. |
||
| 300 |
_a870 pages : _bcolor illustrations ; _c29 cm . |
||
| 505 | _aN/A | ||
| 650 |
_aEcology _vNon-fiction |
||
| 650 |
_aResources _vNon-fiction |
||
| 700 |
_aMcLaughlin, Charles W. _eAuthor |
||
| 942 |
_2ddc _cBK _n0 |
||
| 999 |
_c6172 _d6172 |
||